| 000 | 00524nam a2200193 4500 | ||
|---|---|---|---|
| 003 | OSt | ||
| 005 | 20260530113922.0 | ||
| 008 | 260521b |||||||| |||| 00| 0 spa d | ||
| 040 |
_aICI _bspa _cICI _erda |
||
| 050 |
_aN6550 _b.A23 |
||
| 100 | 1 |
_aAcevedo, Esther _eautor _92537 |
|
| 245 |
_aEcos y reflejos: _bMurales del centro histórico |
||
| 264 |
_aMéxico _bCONAFE _c1984 |
||
| 300 | _a16 páginas | ||
| 336 |
_2rdacontent _atexto |
||
| 337 |
_2rdamedia _asin medio |
||
| 338 |
_2rdacarrier _avolumen |
||
| 942 |
_2lcc _n1 _cBK |
||
| 999 |
_c12497 _d12497 |
||